<?xml version="1.0" encoding="UTF-8"?>
<record
    xmlns:xsi="http://www.w3.org/2001/XMLSchema-instance"
    xsi:schemaLocation="http://www.loc.gov/MARC21/slim http://www.loc.gov/standards/marcxml/schema/MARC21slim.xsd"
    xmlns="http://www.loc.gov/MARC21/slim">

  <leader>01296nam a2200241Ia 4500</leader>
  <datafield tag="999" ind1=" " ind2=" ">
    <subfield code="c">55202</subfield>
    <subfield code="d">55202</subfield>
  </datafield>
  <controlfield tag="001">22277</controlfield>
  <controlfield tag="003">GE_BSU</controlfield>
  <controlfield tag="005">20230222111652.0</controlfield>
  <controlfield tag="008">181216s    ||||ge |||||||||||||| ||geo||</controlfield>
  <datafield tag="020" ind1=" " ind2=" ">
    <subfield code="a">9789941272615</subfield>
  </datafield>
  <datafield tag="040" ind1=" " ind2=" ">
    <subfield code="c">GE_BSU</subfield>
  </datafield>
  <datafield tag="041" ind1=" " ind2=" ">
    <subfield code="a">geo</subfield>
  </datafield>
  <datafield tag="080" ind1=" " ind2=" ">
    <subfield code="a">338.22(042.4) &#x10E1;-16</subfield>
  </datafield>
  <datafield tag="245" ind1=" " ind2=" ">
    <subfield code="a">&#x10E1;&#x10D0;&#x10D4;&#x10E0;&#x10D7;&#x10D0;&#x10E8;&#x10DD;&#x10E0;&#x10D8;&#x10E1;&#x10DD; &#x10D1;&#x10D8;&#x10D6;&#x10DC;&#x10D4;&#x10E1;&#x10D8;&#x10E1; &#x10D0;&#x10E5;&#x10E2;&#x10E3;&#x10D0;&#x10DA;&#x10E3;&#x10E0;&#x10D8; &#x10E1;&#x10D0;&#x10D9;&#x10D8;&#x10D7;&#x10EE;&#x10D4;&#x10D1;&#x10D8; :</subfield>
    <subfield code="b">&#x10DA;&#x10D4;&#x10E5;&#x10EA;&#x10D8;&#x10D4;&#x10D1;&#x10D8;&#x10E1; &#x10D9;&#x10E3;&#x10E0;&#x10E1;&#x10D8; &#x10DB;&#x10D0;&#x10D2;&#x10D8;&#x10E1;&#x10E2;&#x10E0;&#x10D0;&#x10DC;&#x10E2;&#x10D4;&#x10D1;&#x10D8;&#x10E1;&#x10D0; &#x10D3;&#x10D0; &#x10D3;&#x10DD;&#x10E5;&#x10E2;&#x10DD;&#x10E0;&#x10D0;&#x10DC;&#x10E2;&#x10D4;&#x10D1;&#x10D8;&#x10E1;&#x10D7;&#x10D5;&#x10D8;&#x10E1; /</subfield>
    <subfield code="c">&#x10D9;.  &#x10E6;&#x10E3;&#x10E0;&#x10EC;&#x10D9;&#x10D0;&#x10D8;&#x10D0;,  &#x10D0;. &#x10D0;&#x10D1;&#x10E0;&#x10D0;&#x10DA;&#x10D0;&#x10D5;&#x10D0;, &#x10DB;. &#x10D2;&#x10DD;&#x10D2;&#x10DD;&#x10DA;&#x10D0;&#x10EB;&#x10D4;,  [&#x10D3;&#x10D0; &#x10E1;&#x10EE;&#x10D5;.] ; &#x10E0;&#x10D4;&#x10D3;&#x10D0;&#x10E5;&#x10E2;&#x10DD;&#x10E0;&#x10D8; &#x10E0;. &#x10D2;&#x10DD;&#x10D2;&#x10DD;&#x10EE;&#x10D8;&#x10D0;.</subfield>
    <subfield code="h"> </subfield>
  </datafield>
  <datafield tag="264" ind1=" " ind2=" ">
    <subfield code="a">&#x10D7;&#x10D1;&#x10D8;&#x10DA;&#x10D8;&#x10E1;&#x10D8; :</subfield>
    <subfield code="b">&#x10E1;&#x10D0;&#x10E5;. &#x10E2;&#x10D4;&#x10E5;&#x10DC;. &#x10E3;&#x10DC;-&#x10E2;&#x10D8;,</subfield>
    <subfield code="c">2017.</subfield>
  </datafield>
  <datafield tag="300" ind1=" " ind2=" ">
    <subfield code="a">404 &#x10D2;&#x10D5;. ; </subfield>
    <subfield code="c">28 &#x10E1;&#x10DB;.</subfield>
  </datafield>
  <datafield tag="504" ind1=" " ind2=" ">
    <subfield code="a">&#x10D1;&#x10D8;&#x10D1;&#x10DA;&#x10D8;&#x10DD;&#x10D2;&#x10E0;&#x10D0;&#x10E4;&#x10D8;&#x10D0; &#x10E2;&#x10D4;&#x10E5;&#x10E1;&#x10E2;&#x10D8;&#x10E1; &#x10E8;&#x10D4;&#x10DC;&#x10D8;&#x10E8;&#x10D5;&#x10DC;&#x10D4;&#x10D1;&#x10E8;&#x10D8;</subfield>
  </datafield>
  <datafield tag="541" ind1=" " ind2=" ">
    <subfield code="h">40 &#x10DA;.</subfield>
  </datafield>
  <datafield tag="653" ind1=" " ind2=" ">
    <subfield code="a">&#x10D4;&#x10D9;&#x10DD;&#x10DC;&#x10DD;&#x10DB;&#x10D8;&#x10D9;&#x10D0;</subfield>
  </datafield>
  <datafield tag="653" ind1=" " ind2=" ">
    <subfield code="a">&#x10E1;&#x10D0;&#x10D4;&#x10E0;&#x10D7;&#x10D0;&#x10E8;&#x10DD;&#x10E0;&#x10D8;&#x10E1;&#x10DD; &#x10D1;&#x10D8;&#x10D6;&#x10DC;&#x10D4;&#x10E1;&#x10D8;&#x10E1; &#x10D0;&#x10E5;&#x10E2;&#x10E3;&#x10D0;&#x10DA;&#x10E3;&#x10E0;&#x10D8; &#x10E1;&#x10D0;&#x10D9;&#x10D8;&#x10D7;&#x10EE;&#x10D4;&#x10D1;&#x10D8;</subfield>
  </datafield>
  <datafield tag="700" ind1=" " ind2=" ">
    <subfield code="a">&#x10D2;&#x10DD;&#x10D2;&#x10DD;&#x10EE;&#x10D8;&#x10D0;, &#x10E0;.</subfield>
    <subfield code="e">&#x10E0;&#x10D4;&#x10D3;&#x10D0;&#x10E5;&#x10E2;&#x10DD;&#x10E0;&#x10D8;</subfield>
    <subfield code="9">17008</subfield>
  </datafield>
  <datafield tag="942" ind1=" " ind2=" ">
    <subfield code="c">BK</subfield>
    <subfield code="2">udc</subfield>
  </datafield>
  <datafield tag="952" ind1=" " ind2=" ">
    <subfield code="0">0</subfield>
    <subfield code="1">0</subfield>
    <subfield code="2">udc</subfield>
    <subfield code="4">0</subfield>
    <subfield code="6">338220424_&#x10E1;16</subfield>
    <subfield code="7">0</subfield>
    <subfield code="9">80066</subfield>
    <subfield code="a">CPL</subfield>
    <subfield code="b">CPL</subfield>
    <subfield code="c">GEN</subfield>
    <subfield code="d">2018-12-17</subfield>
    <subfield code="g">40.00</subfield>
    <subfield code="o">338.22(042.4) &#x10E1;-16</subfield>
    <subfield code="p">57391</subfield>
    <subfield code="r">2018-12-17</subfield>
    <subfield code="t">57391</subfield>
    <subfield code="w">2018-12-17</subfield>
    <subfield code="y">BK</subfield>
    <subfield code="z">40.00 &#x20BE;.</subfield>
  </datafield>
</record>
